Top 40 Best Movies with a Major Plot Twist - Statistics

General Stats
  • This quiz has been taken 61 times
  • The average score is 16 of 40
Answer Stats
Top Films Director % Correct
3 Shutter Island Martin Scorsese
75%
4 The Sixth Sense M. Night Shyamalan
75%
1 Fight Club David Fincher
69%
5 Se7en David Fincher
69%
8 Memento Christopher Nolan
67%
9 Psycho Alfred Hitchcock
67%
15 Inception Christopher Nolan
60%
28 Interstellar Christopher Nolan
60%
7 The Prestige Christopher Nolan
56%
6 Old Boy Park Chan-Wook
53%
2 The Usual Suspects Bryan Singer
53%
33 Citizen Kane Orson Welles
49%
26 Gone Girl David Fincher
49%
20 Mulholland Dr. David Lynch
45%
17 The Shawshank Redemption Frank Darabont
44%
32 Scream Wes Craven
40%
23 The Village M. Night Shyamalan
40%
24 Vertigo Alfred Hitchcock
40%
30 Arrival Denis Villeneuve
36%
35 Black Swan Darren Aronofsky
36%
38 Blade Runner Ridley Scott
36%
31 Prisonners Denis Villeneuve
36%
19 Star Wars Episode V: The Empire Strikes Back Irvin Kershner
33%
37 The Departed Martin Scorsese
33%
22 Incendies Denis Villeneuve
31%
18 Unbreakable M. Night Shyamalan
31%
34 Brazil Terry Gilliam
29%
39 Life of Pi Ang Lee
29%
14 Saw James Wan
27%
13 The Game David Fincher
27%
21 Donnie Darko Richard Kelly
24%
12 Twelve Monkeys Terry Gilliam
24%
16 The Truman Show Peter Weir
22%
27 Vanilla Sky Cameron Crowe
18%
29 Primal Fear Gregory Hoblit
16%
40 Mystic River Clint Eastwood
15%
11 Planet of the Apes Franklin J. Schaffner
15%
25 Now You See Me Louis Leterrier
13%
10 The Others Alejandro Amenábar
13%
36 La piel que habito Pedro Almodóvar
7%
No matching quizzes found
Score Distribution
Percent of People with Each Score
Percentile by Number Answered
Your Score History
You have not taken this quiz